| 000 | 00775nam a2200205 a 4500 | ||
|---|---|---|---|
| 001 | 000043236 | ||
| 005 | 20250909091242.0 | ||
| 008 | 140303s2006 sp ac 000 0 spa d | ||
| 020 | _a8484370101 | ||
| 040 |
_aDO-SdBNP _bspa _cBNPHU |
||
| 100 | 1 |
_aMiguel de Bustos, Juan Carlos _970830 |
|
| 245 | 1 | 0 |
_aComunicación sostenible y desarrollo humano en la sociedad de la información / _cJuan Carlos Miguel de Bustos. |
| 260 |
_aMadrid : _bAECID, _c2006. |
||
| 300 |
_a228 p. : ; _c23 cm. |
||
| 490 | 1 |
_aCultura y Desarrollo _v01 |
|
| 504 | _aIncluye referencias bibliográficas y notas al pie de las páginas | ||
| 504 | _aBibliografía : p. 221-228 | ||
| 710 | 2 |
_aAgencia Española de Cooperación Internacional _934585 |
|
| 830 | 0 |
_aCultura y Desarrollo (España) _v01 _970831 |
|
| 999 |
_c42725 _d42725 |
||